| 000 | 00681nam a2200193 i 4500 | ||
|---|---|---|---|
| 001 | 116063 | ||
| 003 | ES-MaACL | ||
| 005 | 20251209192506.0 | ||
| 007 | t| | ||
| 008 | 061121s1932 sp r ||||1| spa d | ||
| 100 | 1 |
_aOrts Ramos, Antonio. _987674 |
|
| 245 | 1 | 0 |
_aFrancisco Ferrer Guardia, apóstol de la razón _b: (vida, obra y doctrinas del famoso mártir español) / _cAntonio Orts Ramos y Francisco Caravaca. |
| 260 |
_aBarcelona : _bCasa Editorial Maucci, _c1932. |
||
| 300 |
_a336 p., 8 lám. ; _c21 cm. |
||
| 600 | 1 | 4 |
_aFerrer i Guàrdia, Francesc, _d1859-1909 _9242588 |
| 700 | 0 |
_aCaravaca, Francisco. _934972 |
|
| 852 |
_aES-MaACL _jA-1215 |
||
| 999 |
_c116063 _d116063 |
||